Fourier analysis and convexity (Record no. 7337)

MARC details
000 -LEADER
fixed length control field 00697 a2200229 4500
001 - CONTROL NUMBER
control field 133005
003 - CONTROL NUMBER IDENTIFIER
control field OSt
005 - DATE AND TIME OF LATEST TRANSACTION
control field 20220331161314.0
008 - FIXED-LENGTH DATA ELEMENTS--GENERAL INFORMATION
fixed length control field
020 ## - INTERNATIONAL STANDARD BOOK NUMBER
International Standard Book Number 0817632638
082 ## - DEWEY DECIMAL CLASSIFICATION NUMBER
Classification number 515.2433
Item number F82F
245 1# - TITLE STATEMENT
Title Fourier analysis and convexity
Statement of responsibility, etc edited by Luca Brandolini...[et.al.]
260 ## - PUBLICATION, DISTRIBUTION, ETC. (IMPRINT)
Place of publication, distribution, etc Boston
Name of publisher, distributor, etc Birkhauser
Date of publication, distribution, etc 2004
300 ## - PHYSICAL DESCRIPTION
Extent 268 p.
490 ## - SERIES STATEMENT
Series statement Applied and numerical hermonic analysis
690 ## - LOCAL SUBJECT ADDED ENTRY--TOPICAL TERM (OCLC, RLIN)
Topical term or geographic name as entry element Fourier analysis; Convex geometry; Discrete geometry
700 ## - ADDED ENTRY--PERSONAL NAME
Personal name Brandolini, Luca
Relator term Editor
700 ## - ADDED ENTRY--PERSONAL NAME
Personal name Colzani, Leonardo
Relator term Editor
700 ## - ADDED ENTRY--PERSONAL NAME
Personal name Iosevich, Alex
Relator term Editor
700 ## - ADDED ENTRY--PERSONAL NAME
Personal name Travaglini, Giancarlo
Relator term Editor
942 ## - ADDED ENTRY ELEMENTS (KOHA)
Source of classification or shelving scheme Dewey Decimal Classification
Koha item type Books
Holdings
Withdrawn status Lost status Source of classification or shelving scheme Damaged status Not for loan Collection code Home library Current library Date acquired Source of acquisition Total Checkouts Full call number Barcode Date last seen Price effective from Koha item type
    Dewey Decimal Classification     General Text Book Central University Of Rajasthan Central University Of Rajasthan 25/07/2012 MTH   515.2433 F82F 10580 21/11/2024 02/09/2020 Books